Trenčianské Teplice Kúpele a panoráma

Zobrazenie: V bielom orámovaní pohľad z diaľky na mesto, pred ktorým je vpravo pás stromov a pred ním pole. V popredí vľavo sú konáre stromy. V pozadí za mestom je vpravo zalesnený kopec, v strede polia a vľavo zalesnený kopec

Podrobná bibliografia
Médium: Pohľadnica
Jazyk:slovenčina
angličtina
francúzština
nemčina
Fyzický popis:1 pohľadnica tónovaná do hneda 10 x 14 cm
Vydavateľské údaje: [Praha] [Unie] [1920?]
Edícia:Propagace Slovenska Bratislava
Trenčianske Teplice
Predmet:

MARC

LEADER 00000nkm a2200000 a 4500
001 vtls011893696
003 SK-MaSNL
005 20260512130546.0
007 kp ao
008 230706s1920 xr g kuslo
015 |a SNBG1920 
035 |a urn:nbn:sk:snk-km00eagi 
035 |a urn:nbn:sk:snk-km43gpq 
035 |a 6161E2D5-EEDA-4BD5-BAA6-993F9FC98B22 
040 |a SNK  |b slo  |c SNK  |e AACR2 
041 0 |a slo  |a eng  |a fre  |a ger 
043 |a e-xo--- 
044 |a xr  |c CZ 
072 7 |a 913  |x Regionálna geografia  |2 konspekt 
080 |a 913(437.6)  |2 2011 
080 |a 711.455:615.838  |2 2011 
080 |a (084.121)  |2 2011 
080 |a 614.2:[725.1:614.21]  |2 2011 
245 0 0 |a Trenčianské Teplice  |h grafika  |b Kúpele a panoráma 
246 3 1 |a Trenčianské Teplice  |b The baths : general view 
246 3 1 |a Trenčianské Teplice  |b Bains et panorama 
246 3 1 |a Trenčianské Teplice  |b Bäder und Gesamtansincht 
246 1 3 |a Slovensko 
246 1 3 |a Slovakia 
246 1 3 |a Slovaquie 
246 1 3 |a Slowakei 
260 |a [Praha]  |b [Unie]  |c [1920?]  |e Praha  |f Unie 
300 |a 1 pohľadnica  |b tónovaná do hneda  |c 10 x 14 cm 
490 1 |a Propagace Slovenska Bratislava  |v Seria III.  |a Trenčianske Teplice  |v č. 3 
520 8 |a Zobrazenie: V bielom orámovaní pohľad z diaľky na mesto, pred ktorým je vpravo pás stromov a pred ním pole. V popredí vľavo sú konáre stromy. V pozadí za mestom je vpravo zalesnený kopec, v strede polia a vľavo zalesnený kopec 
546 |a Súbežný podnázov a variantný názov v angličtine, francúzštine a nemčine 
610 2 7 |a Kúpele Trenčianske Teplice (Slovensko)  |2 SNKKA  |9 189670 
650 0 7 |a kúpele  |2 SNKPH  |9 1139 
650 0 7 |a liečebne  |2 SNKPH  |9 56920 
651 7 |a Trenčianske Teplice (Slovensko)  |2 SNKPHgeo  |9 14503 
655 7 |a miestne pohľadnice  |2 SNKPH  |9 70510 
830 0 |a Propagace Slovenska Bratislava  |9 336983 
830 0 |a Trenčianske Teplice  |9 343965 
852 |a Slovenská národná knižnica 
958 |a GC 
958 |a ONDV 
958 |a GBN 
999 |c 1206356  |d 1208286 
952 |a SNK  |b SNK  |y PREZ  |7 0  |p 17A1245051  |o snkSP 34419  |z Pohľadnica prešla poštou.  |0 0  |1 0  |4 0  |d 2019-10-15  |f 1  |l 0  |r 2026-02-24 22:57:41  |w 2026-02-24